000 00894nas a2200289 4500
001 BR0906373
003 BR-BrBNA
005 20231205113514.0
007 ta
008 230509b bl.|||p| |||| 00| 00por d
040 _aBR-BrBNA
_bpor
_cBiblioteca Nacional de Agricultura
041 _a(Pt)
072 _aF03
100 1 _aRodrigues, A.P.D.C.
100 1 _aLaura, V.A.
100 1 _aChermouth, K. da S.
100 1 _aGadum, J.
245 1 _aOsmocondicionamento de sementes de salsa (Petroselinum sativum Hoffm.)em diferentes potenciais hídricos
650 _aSALSA
650 _aSEMENTE
650 _aOSMOSE
650 _aGERMINAÇÃO
773 0 _tCiência e Agrotecnologia (Brazil)
_xISSN 1413-7054
_g(Sep-Oct 2009), v. 33(5) p. 1288-1294
_wBR0906373
856 4 0 _uhttp://www.aprh.pt/rgci-155_Borges.pdf
909 _a202311
_bLúcia
_c55
_dLúcia Elande
942 _2AGRIS
_n0
_cANA
999 _c204146
_d204146